Un vínculo sutil y no siempre comprendido en medio siglo (Registro nro. 15023)

Detalles MARC
000 -LEADER
fixed length control field 00401 a2200133 4500
001 - CONTROL NUMBER
control field ART_6964
005 - DATE AND TIME OF LATEST TRANSACTION
control field 20260410161659.0
008 - FIXED-LENGTH DATA ELEMENTS--GENERAL INFORMATION
fixed length control field 260409a
100 1# - MAIN ENTRY--PERSONAL NAME
Personal name Lanteri, Luis
245 10 - TITLE STATEMENT
Title Un vínculo sutil y no siempre comprendido en medio siglo
700 1# - ADDED ENTRY--PERSONAL NAME
Personal name Katz, Sebastián
700 1# - ADDED ENTRY--PERSONAL NAME
Personal name Vargas, Sebastián
773 0# - HOST ITEM ENTRY
Title Ensayos Económicos
Related parts - Nº 47 (abr./jun. 2007)
Record control number REV620

No hay ítems disponibles.